Viento en popa 3

Saved in:
Bibliographic Details
Main Author: Goldberg, Mirtaa
Format: Unknown
Language:Spanish
Published: Buenos Aires Aique 1993
Textbook Catalogue:MANES:  Library Catalog Search Result
Textbook Classification:
Tags: Add Tag
No Tags, Be the first to tag this record!
Added to:2016-04-26
Changed in:2025-05-07

MARC

LEADER 000000000a22000000004500
001 36197
003 OSt
005 20250507125814.0
008 160427s ar ||||| |||| 00| 0 spa d
041 |a Español 
561 |5 ar-DOCE  |a Argentina. Biblioteca del Docente  |k MANES 
691 0 |a PRI 
100 1 |a Goldberg, Mirtaa  |9 18487 
245 0 0 |a Viento en popa 3 
260 3 |a Buenos Aires  |b Aique  |c 1993 
300 |a 128 p.  |c 18.5 x 22.5 cm. 
500 |a Signatura Topografica: HTA 1993 GOLv 1 
690 0 |a EyL 
942 |2 ddc  |c BK 
546 |a Argentina 
999 |c 39769  |d 39769 
999 |c manes:39769  |d 39769